000 00345nam a2200145Ia 4500
008 230917s9999||||xx |||||||||||||| ||und||
040 _e56960
_aMAIN
041 _aEnglish
082 _a320.954 M697H
100 _aMitra, Ashok
245 4 _aThe hoodlum years
260 _aNew Delhi
_bOrient Longman
_c1979
300 _a186 p.
942 _cBK
999 _c220765
_d220765